• Golan Arnold

di Personal Name

Records bibliografici associati: 1

001 - CONTROL NUMBER

  • control field: 41335

003 - CONTROL NUMBER IDENTIFIER

  • control field: IT-RoPau

005 - DATE AND TIME OF LATEST TRANSACTION

  • control field: 20151126165806.0

008 - FIXED-LENGTH DATA ELEMENTS

  • fixed length control field: 151126|| aca||aabn | a|a d

040 ## - CATALOGING SOURCE

  • Original cataloging agency: IT-RoPau
  • Transcribing agency: IT-RoPau

100 ## - HEADING--PERSONAL NAME

  • Personal name: Golan Arnold
  • Relator term: (musica)
  • Miscellaneous information: Codice Musica SPICS: 9840

670 ## - SOURCE DATA FOUND

  • Source citation: Work cat.: (IT-RoPau)105425: Bill Gibson Codice regista SPICS: 9782 41332, MARILYN, PORTRAIT OF A LEGEND MARILYN, PORTRAIT OF A LEGEND (Rif. Codice opera principale : B9678)
CREDITS: SOCIETA' SAN PAOLO Via A.Severo, 58 - ROMA (RM) & PERIODICI SAN PAOLO SRL Via Giotto, 36 MILANO & CISF Via Giotto, 36 MILANO & EDIZIONI SAN PAOLO SRL,  Piazza Soncino, 5 CINISELLO BALSAMO (MI) -- ITALY